000 01184nam a2200373 a 4500
003 AR-BaBNM
005 20251128203533.0
008 082120s2002 ||||||||||||||000 | spa||
040 _cAR-BaBNM
245 0 0 _aIntroducción a la ciencia de la educación
250 _a1ª ed.
260 _aBuenos Aires
_bPaidós
_c1976
300 _a155 p.
490 0 _aBiblioteca del educador contemporáneo
_vv. 211
500 _aReferencia bibligráfica al final de los capítulos 1 y 2
650 4 _aCIENCIAS DE LA EDUCACION
650 4 _aPSICOLOGIA DE LA EDUCACION
650 4 _aSOCIOLOGIA DE LA EDUCACION
650 4 _aHISTORIA DE LA EDUCACION
650 4 _aFILOSOFIA DE LA EDUCACION
650 4 _aPAPEL DE LOS PADRES
650 4 _aPAPEL DEL ALUMNO
650 4 _aROL DEL DOCENTE
700 1 _aTibble, J.W.
_ecompilador
700 1 _aDearden, R.F.
_ecolaborador
700 1 _aDufton, Anne
_ecolaborador
700 1 _aEntwistle, Harold
_ecolaborador
700 1 _aSeaborne, Malcolm
_ecolaborador
700 1 _aWatts, D.G.
_ecolaborador
800 1 _aRomero Brest, Gilda Lamarque de
_edirector
800 1 _aBernstein, Jaime
_edirector
942 _cBK
998 _cCarmen
999 _c3842
_d3842